Statistiques concernant Pokémon par les deux premières lettres (3ème partie)

Cliquez ici pour prendre le quiz!

Statistiques générales

  • Ce quiz a été pris 344 fois
  • Le résultat moyen est 124 sur 157

Statistiques - réponses

Pokémon% Correct
801Magearna
95%
758Malamandre
95%
804Mandrillon
95%
734Manglouton
95%
650Marisson
95%
802Marshadow
95%
726Matoufeu
95%
727Félinferno
92%
653Feunnec
92%
683Cocotine
90%
705Colimucus
90%
771Concombaffe
90%
789Cosmog
90%
790Cosmovum
90%
676Couafarel
90%
675Pandarbare
90%
674Pandespiègle
90%
661Passerouge
90%
796Câblifère
89%
672Cabriolaine
89%
795Cancrelove
89%
762Candine
89%
712Grelaçon
89%
656Grenousse
89%
731Picassaut
89%
732Piclairon
89%
806Pierroteknik
89%
710Pitrouille
89%
744Rocabot
89%
654Roussil
89%
791Solgaleo
89%
714Sonistrelle
89%
767Sovkipou
89%
689Golgopathe
88%
655Goupelin
88%
765Gouroutan
88%
805Ama-Ama
87%
698Amagara
87%
658Amphinobi
87%
651Boguérisse
87%
742Bombydou
87%
776Boumata
87%
750Bourrinos
87%
738Lucanon
87%
792Lunala
87%
679Monorpale
87%
794Mouscoto
87%
745Lougaroc
85%
753Mimantis
85%
778Mimiqui
85%
678Mistigrix
85%
659Sapereau
85%
768Sarmuraï
85%
769Bacabouh
84%
797Bamboiselle
84%
711Banshitrouye
84%
733Bazoucan
84%
662Braisillon
84%
722Brindibou
84%
708Brocélôme
84%
701Brutalibré
84%
715Bruyverne
84%
739Crabagarre
84%
740Crabominable
84%
657Croâporal
84%
761Croquine
84%
702Dedenne
84%
779Denticrisse
84%
709Desséliandre
84%
763Sucreine
84%
684Sucroquin
84%
664Lépidonille
82%
704Mucuscule
82%
706Muplodocus
82%
751Araqua
81%
724Archéduc
81%
735Argouste
81%
719Diancie
81%
680Dimoclès
81%
749Tiboudet
81%
669Flabébé
80%
663Flambusard
80%
725Flamiaou
80%
692Flingouste
80%
670Floette
80%
754Floramantis
80%
671Florges
80%
682Fluvetin
80%
694Galvaran
80%
693Gamblast
80%
756Lampignon
80%
736Larvibule
80%
752Tarenbulle
80%
721Volcanion
80%
747Vorastérie
80%
800Necrozma
79%
668Némélios
79%
770Trépassable
78%
757Tritox
78%
707Trousselin
78%
760Chelours
77%
673Chevroum
77%
737Chrysapile
77%
748Prédastérie
77%
666Prismillon
77%
699Dragmara
76%
780Draïeul
76%
759Nounourson
76%
665Pérégrain
76%
681Exagide
75%
660Excavarenne
75%
697Rexillius
75%
686Sepiatop
75%
687Sepiatroce
75%
713Séracrawl
75%
803Vémini
75%
690Venalgue
75%
716Xerneas
75%
777Togedemaru
74%
788Tokopisco
74%
786Tokopiyon
74%
785Tokorico
74%
787Tokotoro
74%
652Blindépique
73%
685Cupcanaille
73%
723Efflèche
73%
667Hélionceau
73%
718Zygarde
73%
743Rubombelle
72%
720Hoopa
70%
730Oratoria
69%
728Otaquin
69%
729Otarlette
69%
717Yveltal
68%
793Zéroïd
67%
766Quartermac
65%
773Silvallié
65%
781Sinistrail
65%
782Bébécaille
64%
774Météno
64%
798Katagami
62%
696Ptyranidur
61%
799Engloutyran
59%
688Opermine
59%
677Psystigri
57%
691Kravarech
56%
775Dodoala
54%
783Ecaïd
54%
695Iguolta
54%
772Type:0
54%
764Guérilande
53%
784Ekaïser
51%
746Froussardine
51%
700Nymphali
51%
741Plumeline
51%
703Strassie
49%
755Spododo
45%

Distribution des résultats

Percentile par nombre de réponses

% des personnes avec chaque résultat

Votre développement - résultats

Vous n’avez pas pris ce quiz